Študijný program bakalárskeho štúdia ...

Podrobná bibliografia
Nový názov:Sprievodca štúdiom
Korporatívny autor: Univerzita Mateja Bela v Banskej Bystrici. Ekonomická fakulta
Médium: Seriál
Jazyk:slovenčina
Fyzický popis:zv. tab. 21 cm
Vydavateľské údaje: Banská Bystrica Univerzita Mateja Bela
ISBN:8080555117
8080556474
8080557829
Predmet:

MARC

LEADER 00000nas a2200000 a 4500
001 vtls001471741
003 SK-MaSNL
005 20260425194004.0
008 040324cuuuu9999xo ar 0 0b0slo
015 |a SNBB2005/02-00553 (r. 2001/2002)  |a SNBB2005/02-00554 (r. 2002/2003) 
020 |a 8080555117 
020 |a 8080556474 
020 |a 8080557829 
035 |a SNK000427044 
040 |a SNK  |b slo  |c SNK  |e AACR2 
041 |a slo 
043 |a e-xo--- 
044 |a xo  |c SK 
072 7 |a 378  |x Vysoké školy  |2 konspekt 
080 |a 33  |2 2001 
080 |a 371.3  |2 2001 
080 |a (437.6)  |2 2001 
080 |a (083.97)  |2 2001 
080 |a (036)  |2 2001 
080 |a 378.4  |2 2001 
110 2 |a Univerzita Mateja Bela v Banskej Bystrici.  |b Ekonomická fakulta 
245 1 0 |a Študijný program bakalárskeho štúdia ...  |c Univerzita Mateja Bela Banská Bystrica, Ekonomická fakulta 
260 |a Banská Bystrica  |b Univerzita Mateja Bela 
300 |a zv.  |b tab.  |c 21 cm 
310 |a 1x ročne 
362 0 |a 2001/2002- 
500 |a Súčasťou názvu je označenie akademického roku 
500 |a Popis podľa: R. 2001/2002 (vydané v r. 2001) 
650 0 7 |a univerzity  |2 SNKPH  |9 22152 
650 0 7 |a ekonómia  |2 SNKPH  |9 788 
650 0 7 |a štúdium a výučba  |2 SNKPH  |9 3982 
651 7 |a Slovensko  |2 SNKPHgeo  |9 14231 
655 7 |a študijné programy  |2 SNKPH  |9 265409 
655 7 |a informačné publikácie  |2 SNKPH  |9 70181 
655 7 |a ročenky  |2 SNKPH  |9 57146 
785 0 0 |t Sprievodca štúdiom 
910 |a snk 
919 |a 80-8055-511-7 
919 |a 80-8055-647-4 
919 |a 80-8055-782-9 
999 |c 793  |d 793 
952 |a SNK  |b SNK  |y PREZ  |7 0  |p 17A0416089  |o snkČSD 915/D/2001-2002  |i snkPV 206/2004  |0 0  |1 0  |4 0  |d 2004-03-24  |l 0  |r 2005-01-02 00:00:00  |w 2026-02-21 
952 |a SNK  |b SNK  |y PREZ  |7 0  |p 17A0416085  |o snkČSD 915/D/2002-2003  |i snkPV 202/2004  |0 0  |1 0  |4 0  |d 2004-03-24  |l 0  |r 2005-01-02 00:00:00  |w 2026-02-21 
952 |a SNK  |b SNK  |y PREZ  |7 0  |p 17A0416086  |o snkČSD 915/D/2002-2003 D1  |i snkPV 203/2004  |0 0  |1 0  |4 0  |d 2004-03-24  |l 0  |r 2005-01-02 00:00:00  |w 2026-02-21 
952 |a SNK  |b SNK  |y PREZ  |7 0  |p 17A0431590  |o snkČSD 915/D/2003-2004  |i snkPV 1241/2004  |0 0  |1 0  |4 0  |d 2004-09-20  |l 0  |r 2005-01-02 00:00:00  |w 2026-02-21 
952 |a SNK  |b SNK  |y PREZ  |7 0  |p 17A0431591  |o snkČSD 915/D/2003-2004 D1  |i snkPV 1242/2004  |0 0  |1 0  |4 0  |d 2004-09-20  |l 0  |r 2005-01-02 00:00:00  |w 2026-02-21 
952 |a SNK  |b SNK  |y PREZ  |7 0  |p 17A0416090  |o snkČSD 915/D/2001-2002 D1  |i snkPV 207/2004  |0 0  |1 0  |4 0  |d 2004-03-24  |l 0  |r 2005-01-02 00:00:00  |w 2026-02-21